| 000 | 00824nam a2200205Ia 4500 | ||
|---|---|---|---|
| 001 | 3299 | ||
| 003 | GE_BSU | ||
| 008 | 181216s||||||||xx |||||||||||||| ||und|| | ||
| 040 | _cGE_BSU | ||
| 080 | _a658.58(035) | ||
| 245 | _aСправочник механика машиностроительного завода в двух томах. Том 2. Технология ремонта. | ||
| 245 | _cПод ред. Ю.С.Борисова, Р.А.Носкина. Ред. Ю.С.Борисов. | ||
| 250 | _aИзд. второе, переработанное и дополненное. | ||
| 260 | _aМ. | ||
| 260 | _bМашиностроение. | ||
| 260 | _c1971. | ||
| 300 | _a564 стр. 22 см. | ||
| 653 | _aСправочник механика машиностроительного завода. | ||
| 942 | _cBK | ||
| 999 |
_c37340 _d37340 |
||